000 00937nai a22002057a 4500
003 OSt
005 20191219150559.0
008 191210b xxu||||| |||| 00| 0 eng d
040 _aBMC
_cBMC
082 _a303.47284
245 0 0 _aInforme anual consolidado 2018
_b: sobre los programas ejecutados por los miembros de la red de atención compartida, art. 176 LEPINA
_c[Samuel Ernesto Carías Herrera, Manuel Antonio Sánchez Estrada, compiladores]
260 _aSan Salvador, El Salvador
_bISNA
_c2019
300 _a87 p.
_c21 cm
505 _aEn la port.: Sobre los programas ejecutados por los miembros de la red de atención compartida, art. 176 LEPINA
650 2 4 _918310
_aCambio social
_zEl Salvador
700 1 _944231
_aCarías Herrera, Samuel Ernesto
700 1 _944232
_aSánchez Estrada, Manuel Antonio
710 1 _920276
_aInstituto Salvadoreño para el Desarrollo integral de la Niñez y la adolescencia
942 _2ddc
_cPR
999 _c31115
_d31115